000 00683nam a22002297a 4500
003 UA-OsUOA
001 51400
007 ta
008 20140904b un ||||| |||| 00| 0 ukr d
090 _a011
_bИ99
942 _cBR
040 _aUA-OsUOA
_bukr
_cUA-OsUOA
_dUA-OsUOA
245 _aІван Олександрович Гуржій
300 _a52 с.
955 _a1
041 _aukr
080 _a011
260 _aК.
_bНаукова думка
_c1974
650 7 _a01 Бібліографія і бібліографії. Каталоги
_2UDC
999 _c431528
_d431528